=LDR 00000nam 2200000 4500 =001 INLIS000000000027747 =005 20130612130111 =008 ***********************************Ind** =035 ##$$0010-061300000027747 =041 ##$$a Ind =082 ##$$a 959.8 =090 ##$$a 959.8, Pam s =100 ##$$a Pambudi, A =245 ##$$a Supersemar palsu, kesaksian tiga jendral, A. Pambudi =260 ##$$a 2006 $b Yogyalarta =300 ##$$a 320 hlm, ilus, 21 cm =650 ##$$a Sejarah Indonesia =850 ##$$a NBPNMAT =990 ##$$a 16811681 =990 ##$$a 20403529